Languages: Countries from Dutch to English - Statistics

General Stats
  • This quiz has been taken 270 times
    264 since last reset
  • The average score is 15 of 16
Answer Stats
Country in Dutch And in English % Correct
Denemarken Denmark
100%
Duitsland Germany
100%
Polen Poland
100%
Zuid-Afrika South Africa
100%
Spanje Spain
100%
Turkije Turkey
100%
Noorwegen Norway
99%
Frankrijk France
98%
Griekenland Greece
97%
Verenigde Arabische Emiraten United Arab Emirates
97%
Verenigde Staten United States
96%
Verenigd Koninkrijk United Kingdom
93%
Ivoorkust Côte d'Ivoire
88%
Wit-Rusland Belarus
87%
Tsjechië Czech Republic
86%
Letland Latvia
83%
No matching quizzes found
Score Distribution
Percent of People with Each Score
Percentile by Number Answered
Your Score History
You have not taken this quiz since the last reset